Legislacin̤ notarial y registral (Provincia de Buenos Aires / CABA / Nacin̤)

Bibliographic Details
Format: eBook
Language:Spanish
Published: La Plata: Editorial Scotti Libros, 2016
Edition:7® edicin̤
Subjects:
Online Access:Acceso restringido

MARC

LEADER 00000nam a22000007a 4500
005 20180224135350.0
007 cr|||| ||||
008 180224s2016 ar |||||s|||| 00||0 spa d
020 |a 987-9086-39-2 
035 |a 20997 
040 |a vLex 
090 |c 7405  |d 7405 
245 0 0 |a Legislacin̤ notarial y registral (Provincia de Buenos Aires / CABA / Nacin̤)  |h [Recurso electrn̤ico] / 
250 |a 7® edicin̤ 
256 |a Servicio en ln̕ea 
260 |a La Plata:  |b Editorial Scotti Libros,  |c 2016 
300 |a 1 recurso electrn̤ico (312 p.) 
500 |a 7® edicin̤ actualizada. 
506 1 |a Disponible solo en los productos indicados  |d vLex Global  |d vLex Global (Academic Edition, excluding Law Schools)  |d vLex Global (U.S. Academic Edition, Law Schools)  |d vLex Global (U.S. Academic Edition, excluding Law Schools)  |d vLex Global (Academic Edition, Law Schools) 
650 0 4 |a Derecho Civil  |z Argentina 
650 0 4 |a Resoluciones DG de los Registros y del Notariado  |z Argentina 
740 0 |a vLex Libros (Servicio en ln̕ea) 
856 4 0 |u http://vlex.com/source/legislacion-notarial-registral-provincia-buenos-aires-caba-nacion-20997  |z Acceso restringido 
942 |c BOOK 
999 0 |a Civil Law 
999 0 |a DG Resolutions of Registries and Notaries